| 000 | 00536nam a22001937a 4500 | ||
|---|---|---|---|
| 003 | OSt | ||
| 005 | 20220815132444.0 | ||
| 008 | 220815b |||||||| |||| 00| 0 eng d | ||
| 020 | _a9780857600288 | ||
| 040 | _cIFM Library | ||
| 082 | _a658 | ||
| 100 | _aThe Institute of Chartered Accountants in England and Wales | ||
| 245 | _aBusiness change: Advanced Stage-Techinical Integration | ||
| 250 | _a4th ed | ||
| 260 |
_aEngland _bICAEW _c2011 |
||
| 300 | _avi, 338 p.: ill.; 30cm | ||
| 650 | _aBusiness Change | ||
| 942 |
_cBK _2ddc _n0 |
||
| 999 |
_c12379 _d12379 |
||